000 00613cam a2200229ua 4500
001 6316
008 131128n ii |||gr||||Z||||||eng
020 _a978-93-272-3099-4
040 _cMAIN
082 _a336.24
245 _aAssessment year 2013-14 Income Tax :
_bLaw and Practice /
_cV.P. Gaur .
250 _a41st ed.
260 _aLudhiana:
_bKalyani publishers,
_c1974.
300 _aix,6/96p.
653 _aCommerce
653 _aIncome tax
700 _aGaur,V.P.,
_eAuthor.,
700 1 _aNarang,D.B.,
_eAuthor.
700 1 _aGaur,Puja,
_eAuthor.
700 1 _aPuri,Rajeev,
_eAuthor.
942 _cBK
999 _c5468
_d5468